000 00281nam a2200133Ia 4500
100 _aMaron/I.A
942 _cBK
654 _aCalculus
245 _aProblems In Calculus Of One Variable
260 _bMir Publishers
_c1973
082 _a515
300 _a453
546 _aENGLISH
999 _c25765
_d25765